| 000 | 00497nam a2200169Ia 4500 | ||
|---|---|---|---|
| 999 |
_c36839 _d36839 |
||
| 003 | OSt | ||
| 005 | 20201201135439.0 | ||
| 008 | 190216s9999||||xx |||||||||||||| ||und|| | ||
| 040 | _coclc | ||
| 082 |
_a420.7 _bBEN/E |
||
| 100 |
_aBenjamin, Gracious _97104 |
||
| 245 | 0 |
_aEnglish Padikkuvan Eluppavazhi / _cGracious Benjamin |
|
| 260 |
_bBhavana Publications, _aTrivandrum: _c2004. |
||
| 300 | _a510p | ||
| 650 | _aReferences | ||
| 942 |
_cBK _2ddc _h420.7 _iBEN/E _k420.7 _mBEN/E |
||